Traité élémentaire de physiopathologie clinique / (Record no. 75655)
[ view plain ]
| 000 -LEADER | |
|---|---|
| campo de control de longitud fija | 00528nam a2200169 i 4500 |
| 001 - NÚMERO DE CONTROL | |
| campo de control | 75655 |
| 003 - IDENTIFICADOR DE NÚMERO DE CONTROL | |
| campo de control | ES-MaACL |
| 005 - FECHA Y HORA DE LA ÚLTIMA TRANSACCIÓN | |
| campo de control | 20230906172533.0 |
| 007 - CAMPO FIJO DE DESCRIPCIÓN FÍSICA--INFORMACIÓN GENERAL | |
| campo de control de longitud fija | t| |
| 008 - DATOS DE LONGITUD FIJA--INFORMACIÓN GENERAL | |
| campo de control de longitud fija | 040927m19101912fr ||||1| fre d |
| 100 1# - ENTRADA PRINCIPAL--NOMBRE DE PERSONA | |
| Nombre de persona | Grasset, Joseph ( |
| Fechas asociadas al nombre | 1849-1918) |
| 9 (RLIN) | 152573 |
| 245 10 - MENCIÓN DEL TÍTULO | |
| Título | Traité élémentaire de physiopathologie clinique / |
| Mención de responsabilidad, etc. | par le [J.] Grasset. |
| 260 ## - PUBLICACIÓN, DISTRIBUCIÓN, ETC. | |
| Lugar de publicación, distribución, etc. | Montpellier : |
| Nombre del editor, distribuidor, etc. | Coulet et Fils, |
| Fecha de publicación, distribución, etc. | 1910-1912 ( |
| Fabricante | Sevre et Roumegous) |
| 300 ## - DESCRIPCIÓN FÍSICA | |
| Extensión | T. : |
| Otras características físicas | il. ; |
| Dimensiones | 25 cm. |
| 500 ## - NOTA GENERAL | |
| Nota general | Son los t. 1 y 3. |
| 852 ## - LOCALIZACIÓN | |
| Ubicación | ES-MaACL |
| Número de control de estantería | C-7158-59 |
| Estatus retirado | Estado de pérdida | Estado de daño | No para préstamo | Biblioteca de origen | Biblioteca actual | Ubicación en estantería | Fecha de adquisición | Fuente de adquisición | Total de préstamos | Signatura topográfica completa | Código de barras | Visto por última vez | Precio de reemplazo | Tipo de ítem Koha |
|---|---|---|---|---|---|---|---|---|---|---|---|---|---|---|
| Biblioteca del Ateneo de Madrid | Biblioteca del Ateneo de Madrid | Sala Palomar | 17/01/2008 | C-7158-59 | 1079184 | 23/02/2023 | 23/02/2023 | Libro impreso |
